Black-and-White Movies Since 1966 🎥 - Statistics

General Stats
  • This quiz has been taken 36 times
  • The average score is 14 of 21
Answer Stats
Year Director Hint Film % Correct
1993 Steven Spielberg A German businessman saves Jews during the Holocaust by employing them Schindler's List
100%
1980 David Lynch John Hurt portrays the deformed Joseph Merrick in 19th-century London The Elephant Man
97%
1980 Martin Scorsese Robert De Niro portrays boxer Jake LaMotta Raging Bull
91%
1994 Kevin Smith Day in the life of New Jersey convenience store workers Clerks
82%
1994 Tim Burton Johnny Depp portrays the eponymous cult filmmaker Ed Wood
76%
1968 George A. Romero Influential low-budget zombie horror classic Night of the Living Dead
76%
2019 Robert Eggers Two isolated keepers descend into madness at a remote coastal beacon The Lighthouse
76%
2011 Michel Hazanavicius A silent-film star struggles with the arrival of sound The Artist
73%
1974 Mel Brooks Parody of classic Universal monster movies Young Frankenstein
70%
1977 David Lynch Surreal industrial nightmare featuring a man with an inhuman child Eraserhead
67%
1998 Darren Aronofsky Paranoid mathematician searches for patterns governing reality Pi
67%
1966 Mike Nichols Elizabeth Taylor stars in this adaptation of an Edward Albee play Who's Afraid of Virginia Woolf?
67%
1979 Woody Allen Twice-divorced 42-year-old comedy writer searches for love in New York City Manhattan
64%
2018 Alfonso Cuarón Portrait of a domestic worker in 1970s Mexico City Roma
64%
2005 George Clooney Journalist Edward R. Murrow confronts McCarthyism Good Night, and Good Luck
61%
2021 Kenneth Branagh A boy’s childhood in Northern Ireland during the Troubles Belfast
58%
1971 Peter Bogdanovich Coming-of-age drama starring Timothy Bottoms, Jeff Bridges, and Ellen Burstyn The Last Picture Show
58%
1973 Peter Bogdanovich Ryan and Tatum O’Neal play Depression-era con artists Paper Moon
55%
1998 Christopher Nolan A young writer pursues strangers through London streets Following
42%
2013 Alexander Payne An aging father and his son travel across the Midwest to claim a prize Nebraska
42%
1984 Jim Jarmusch Deadpan indie comedy told in minimalist long takes Stranger Than Paradise
18%
No matching quizzes found
Score Distribution
Percent of People with Each Score
Percentile by Number Answered
Your Score History
You have not taken this quiz